00392nam a2200145Ia 45000010006000000050017000060080041000230410008000640820015000721000031000872450099001183000013002176500008002306540008002381093820260306161909.0260306t9999||||xx |||||||||||||| ||spa|| aESP a983bCH553 aZegers A., CristiáneAUT 0aChile en cuatro momentos:bChilenos en el mundo. Colonias extranjeras en Chile. Arte y cultura ac28 cm. aGEN aCHU